000 01129nam a2200313 i 4500
003 DO-SdBNP
005 20230731151959.0
007 ta
008 230601b2010 dr |||| |||| 00| 0 spa d
020 _a9781452081526
020 _a9781452081533
040 _aDO-SdBNP
_bspa
_cBNPHU
_erda
082 4 _axxxx
_bxxxx
_222
100 _aPaniagua, Freddy A.
_961706
245 1 4 _aThe interpersonal-Psychological theory of attempted and completed suicide:
_bconceptual and empirical issues /
_cFreddy A. Paniagua, Sandra A. Black, M. Shayne Gallaway, Michelle A. Coombs
264 4 _aBreinigsville, PA USA:
_bAuthorHouse,
_c2010.
300 _a63 páginas ;
_c23 cm.
336 _2rdacontent
_atexto
_btxt
337 _2rdamedia
_asin mediación
_bn
338 _2rdacarrier
_avolumen
_bnc
500 _aIncluye datos biográficos del autor en la pagina 65
504 _aBibliografía Paginas: 49-63
590 _aInventariado, 2023/ YL
700 1 2 _aBlack, Sandra A.
_eAutora
_983843
700 1 2 _aGallaway, M. Shayne
_eAutora
_983844
700 1 2 _aCoombs, Michelle A.
_eAutora
_983845
910 _aYLockward
942 _2ddc
_cLBS1
999 _c54273
_d54273